| 000 -LEADER | |
|---|---|
| fixed length control field | 00416nam a22001577a 4500 |
| 005 - DATE AND TIME OF LATEST TRANSACTION | |
| control field | 20251213122955.0 |
| 008 - FIXED-LENGTH DATA ELEMENTS--GENERAL INFORMATION | |
| fixed length control field | 180508b xxu||||| |||| 00| 0 eng d |
| 020 ## - INTERNATIONAL STANDARD BOOK NUMBER | |
| ISBN | 978-93-5014-279-0 |
| 041 ## - LANGUAGE CODE | |
| Language code of text/sound track or separate title | eng |
| 100 ## - MAIN ENTRY--AUTHOR NAME | |
| Personal name | GUPTA, J B. |
| 245 ## - TITLE STATEMENT | |
| Title | A COURSE IN ELECTRICAL INSTALLATION ESTIMATING AND COSTING |
| 260 ## - PUBLICATION, DISTRIBUTION, ETC. (IMPRINT) | |
| Place of publication | NEW DELHI |
| Name of publisher | S.K. KATARIA AND SONS |
| 300 ## - PHYSICAL DESCRIPTION | |
| Number of Pages | 526p, |
| 650 ## - SUBJECT ADDED ENTRY--TOPICAL TERM | |
| Topical Term | PARAMEDICAL |
| 942 ## - ADDED ENTRY ELEMENTS (KOHA) | |
| Koha item type | Books |
| Lost status | Damaged status | Collection code | Home library | Current library | Shelving location | Date acquired | Source of acquisition | Cost, normal purchase price | Full call number | Accession Number | Koha item type |
|---|---|---|---|---|---|---|---|---|---|---|---|
| Reference | JRU Library | JRU Library | SHELF-72-D | 08/05/2018 | PURCHESS | 350.00 | 621.319 | 22337 | Books | ||
| BMLT | JRU Library | JRU Library | SHELF-106-F | 19/09/2024 | PURCHASE | 525.00 | 621.319 | 28607 | Books | ||
| BMLT | JRU Library | JRU Library | SHELF-106-F | 19/09/2024 | PURCHASE | 525.00 | 621.319 | 28608 | Books |